Culture Générale - Série 2394 - Statistiques

Statistiques générales
  • Ce quiz a été pris 121 fois
  • Le résultat moyen est 5 sur 10
Statistiques - réponses
Question Réponse % Correct
Dans les BD de Tintin, quel est le prénom de la Castafiore ? Bianca
71%
Dans la mythologie grecque, quel est le nom du dieu de la vigne ? Dionysos
66%
Dans les BD de Tintin, quel est le prénom du Professeur Tournesol ? Tryphon
65%
Dans les BD de Tintin, quel est le prénom du Capitaine Haddock ? Archibald
62%
Quelle est la capitale du Mozambique ? Maputo
60%
Comment appelait-on le Burkina Faso avant 1984 ? Haute-Volta
54%
A la tête de quel pays était Thomas Sankara, tué lors d'un coup d'État en 1987 ? voir drapeau Burkina-Faso
38%
Dans la mythologie grecque, comment s'appelait le fleuve où l'on trouvait beaucoup de paillettes d'or ? Pactole
30%
Quel fleuve arrose la ville espagnole de Tolède ? Tage
28%
Quel adjectif de 7 lettres commençant par " i " désigne un individu imbu de sa personne ? infatué
7%
Aucun quiz correspondant
Distribution des résultats
% des personnes avec chaque résultat
Percentile par nombre de réponses
Votre historique - résultats
Vous n’avez pas pris ce quiz